Statistiques concernant Alphabet inversé Vitesse

Cliquez ici pour prendre le quiz!

Statistiques générales

  • Ce quiz a été pris 43 fois
  • Le résultat moyen est 45 sur 130

Statistiques - réponses

HintRéponse% Correct
zz
100%
ww
95%
xx
95%
yy
95%
uu
92%
vv
92%
gg
89%
hh
89%
ii
89%
jj
89%
kk
89%
ll
89%
mm
89%
nn
89%
oo
89%
pp
89%
qq
89%
rr
89%
ss
89%
tt
89%
dd
81%
ee
81%
ff
81%
aa
78%
bb
78%
cc
78%
tt
70%
uu
70%
vv
70%
ww
70%
xx
70%
yy
70%
zz
70%
ss
68%
oo
65%
pp
65%
qq
65%
rr
65%
mm
62%
nn
62%
kk
59%
ll
59%
jj
57%
ii
54%
hh
51%
gg
46%
dd
43%
ee
43%
ff
43%
aa
41%
bb
41%
cc
41%
zz
38%
xx
35%
yy
35%
vv
32%
ww
32%
qq
30%
rr
30%
ss
30%
tt
30%
uu
30%
oo
22%
pp
22%
kk
19%
ll
19%
mm
19%
nn
19%
ii
16%
jj
16%
cc
14%
dd
14%
ee
14%
ff
14%
gg
14%
hh
14%
aa
11%
bb
11%
yy
11%
zz
11%
nn
8%
oo
8%
pp
8%
qq
8%
rr
8%
ss
8%
tt
8%
uu
8%
vv
8%
ww
8%
xx
8%
aa
3%
bb
3%
cc
3%
dd
3%
ee
3%
ff
3%
gg
3%
hh
3%
ii
3%
jj
3%
kk
3%
ll
3%
mm
3%
zz
3%
aa
0%
bb
0%
cc
0%
dd
0%
ee
0%
ff
0%
gg
0%
hh
0%
ii
0%
jj
0%
kk
0%
ll
0%
mm
0%
nn
0%
oo
0%
pp
0%
qq
0%
rr
0%
ss
0%
tt
0%
uu
0%
vv
0%
ww
0%
xx
0%
yy
0%

Distribution des résultats

Percentile par nombre de réponses

% des personnes avec chaque résultat

Votre développement - résultats

Vous n’avez pas pris ce quiz